[Event "AUTO-INT-1590"]
[Site "http://www.queenalice.com/game.php?id=720999"]
[Date "2010.1.26"]
[Round "1"]
[White "julio_falk"]
[Black "Ettedualc"]
[Result "1-0"]
[WhiteElo "1542"]
[BlackElo "1746"]

1. e4 d6 2. Bc4 g6 3. Nf3 Bg7 4. Ng5 e6 5. O-O Nf6 6. d3 O-O 7. Re1 a6 8. Re3 b5
9. Bb3 Bb7 10. Nc3 b4 11. Na4 a5 12. d4 h6 13. Nf3 Nxe4 14. Qe1 Nf6 15. c4 bxc3
16. Qxc3 Bxf3 17. gxf3 Nc6 18. Qxc6 Qd7 19. Qc3 d5 20. Nc5 Qc6 21. Ba4 Qd6 22.
b3 Nd7 23. Bxd7 c6 24. Ba3 Rfd8 25. b4 Rxd7 26. Nxd7 Qxd7 27. bxa5 Qc7 28. Bb4
Bf8 29. a3 Bd6 30. Bxd6 Qxd6 31. Rb1 h5 32. Rb6 Qc7 33. Rxc6 Qxa5 34. h4 Qxc3
35. Rexc3 Kg7 36. f4 Kf6 37. Rc7 Rf8 38. Rc8 Rxc8 39. Rxc8 Kf5 40. Rf8 f6 41. a4
Kxf4 42. a5 f5 43. a6 Ke4 44. a7 Kxd4 45. a8=Q Ke4 46. Rg8 1-0

[Event "AUTO-INT-1590"]
[Site "http://www.queenalice.com/game.php?id=721000"]
[Date "2010.1.26"]
[Round "1"]
[White "Ettedualc"]
[Black "julio_falk"]
[Result "1-0"]
[WhiteElo "1790"]
[BlackElo "1517"]

1. g4 Nc6 2. Bg2 d5 3. c4 d4 4. g5 d3 5. e3 Be6 6. Qb3 Na5 7. Qa4+ Qd7 8. Qxa5
Bxc4 9. Qb4 Qb5 10. Qxb5+ Bxb5 11. Bxb7 Rb8 12. Bg2 e6 13. h4 Rd8 14. Nf3 Bc6
15. O-O Bxf3 16. Bxf3 Rb8 17. b3 h6 18. gxh6 Rxh6 19. Bb2 Rxh4 20. Bd4 a5 21.
Nc3 Bb4 22. Bg2 Nh6 23. Bxg7 Ng4 24. f3 Bxc3 25. dxc3 Nxe3 26. Rf2 Rg4 27. fxg4
Nxg4 28. Rd2 Rd8 29. Re1 Ke7 30. Bh3 f5 31. Bxg4 fxg4 32. Bd4 1-0

[Event "AUTO-INT-1590"]
[Site "http://www.queenalice.com/game.php?id=721002"]
[Date "2010.1.26"]
[Round "1"]
[White "sioux"]
[Black "julio_falk"]
[Result "1-0"]
[WhiteElo "1519"]
[BlackElo "1566"]

1. e4 e5 2. Nf3 Nc6 3. Bb5 Be7 4. d3 Nf6 5. Bg5 Nd4 6. Nxd4 exd4 7. O-O a6 8.
Bc4 O-O 9. a3 h6 10. Bd2 d6 11. b4 b5 12. Bb3 h5 13. Bg5 Nh7 14. Bxe7 Qxe7 15.
a4 bxa4 16. Bc4 Qd7 17. Qxh5 Rb8 18. Qa5 c5 19. bxc5 dxc5 20. Qxc5 Nf6 21. Nd2
Rb2 22. Rfc1 Bb7 23. Nf3 Ng4 24. h3 Nh6 25. Qe5 Rb6 26. Ra3 Re8 27. Qxd4 Rd6 28.
Qc3 Kf8 29. Ng5 f6 30. Nh7+ Ke7 31. Qb4 Rh8 32. Nxf6 Kxf6 33. Rxa4 g5 34. Rb1
Rd4 35. Qc3 Bc6 36. Rxa6 Nf7 37. Bb5 Ne5 38. Rf1 Rd6 39. f4 gxf4 40. Rxf4+ Kg5
41. Qxe5+ Kg6 42. Qxh8 Bxb5 43. Rf6+ Kg5 44. Qh6# 1-0

[Event "AUTO-INT-1590"]
[Site "http://www.queenalice.com/game.php?id=721003"]
[Date "2010.1.26"]
[Round "1"]
[White "julio_falk"]
[Black "demonsword"]
[Result "0-1"]
[WhiteElo "1548"]
[BlackElo "1614"]

1. e4 e5 2. Nf3 d5 3. Bd3 d4 4. O-O Nf6 5. Nxe5 Be6 6. a4 a6 7. Be2 Nbd7 8. Nxd7
Qxd7 9. f3 Bc5 10. e5 Nd5 11. c4 Nb4 12. b3 d3+ 13. Kh1 dxe2 14. Qxe2 Nc2 15.
Ra2 Nd4 16. f4 Nxe2 17. Re1 Nxf4 18. d4 Qxd4 19. Rd2 Nd3 20. Red1 Nf2+ 21. Kg1
Nxd1+ 22. Rxd4 Bxd4+ 0-1

[Event "AUTO-INT-1590"]
[Site "http://www.queenalice.com/game.php?id=721004"]
[Date "2010.1.26"]
[Round "1"]
[White "demonsword"]
[Black "julio_falk"]
[Result "1-0"]
[WhiteElo "1637"]
[BlackElo "1533"]

1. d4 d5 2. e3 Bf5 3. Bd3 Bxd3 4. cxd3 Nc6 5. Nh3 Nf6 6. O-O h6 7. f4 e6 8. Bd2
h5 9. Ng5 Bd6 10. h4 Ng4 11. Nc3 f6 12. Nxe6 Qd7 13. Nc5 Bxc5 14. dxc5 O-O 15.
Qb3 Na5 16. Qb5 Qxb5 17. Nxb5 Nc6 18. Nxc7 Rac8 19. Nxd5 Rfd8 20. e4 f5 21. b4
fxe4 22. dxe4 Nd4 23. g3 Nc2 24. Rac1 Na3 25. f5 Re8 26. Nc3 Nc4 27. Bg5 Rcd8
28. Bxd8 Rxd8 29. Nd5 Nce3 30. Rf3 Nxd5 31. Rd3 Ngf6 32. exd5 Nxd5 33. c6 bxc6
34. Rxc6 a6 35. Rd4 Kf8 36. Rxa6 Ke8 37. Ra5 Ne7 38. Re4 1-0

[Event "QA-ANNIV-05"]
[Site "http://www.queenalice.com/game.php?id=723753"]
[Date "2010.2.1"]
[Round "3"]
[White "ravague"]
[Black "julio_falk"]
[Result "0-1"]
[WhiteElo "1916"]
[BlackElo "1512"]

1. e4 d5 2. exd5 Qxd5 3. Nc3 Qa5 4. Nf3 Bg4 5. g3 Nf6 6. Bg2 Nc6 7. O-O Bxf3 8.
Qxf3 e5 9. Re1 Bb4 10. a3 Bxc3 11. dxc3 e4 12. Bg5 Qxg5 13. Rad1 Rd8 14. Rxd8+
Nxd8 15. Qd3 Qf5 16. f4 Ne6 17. Bxe4 Nxe4 18. Rxe4 O-O 19. Qf3 Nc5 20. Re5 Qxc2
0-1

[Event "AUTO-INT-1625"]
[Site "http://www.queenalice.com/game.php?id=738958"]
[Date "2010.2.28"]
[Round "1"]
[White "Tenista"]
[Black "julio_falk"]
[Result "0-1"]
[WhiteElo "1651"]
[BlackElo "1506"]

1. e4 e5 2. Bc4 Nf6 3. g4 Nxe4 4. Qf3 Nd6 5. Bb3 Be7 6. Nc3 O-O 7. d3 Bh4 8. Be3
Nc6 9. O-O-O a5 10. a3 b5 11. Nd5 a4 12. Nc3 Re8 13. Nxb5 Nxb5 14. Qxf7+ Kh8 15.
Nf3 Nd6 16. Qd5 Ra5 17. Qxa5 Nxa5 18. Bxa4 Rf8 19. Nxe5 Bxf2 20. Bd2 Bb7 21.
Rhf1 Bf3 22. Rxf2 Bxd1 23. Rxf8+ Qxf8 24. Kxd1 Qe8 25. Nxd7 c6 26. Nc5 Qe5 27.
Nd7 Qxb2 28. Bxa5 Qxa3 29. Nb6 Qc5 30. Nc4 Nxc4 31. dxc4 Qxa5 32. Bxc6 Qc5 33.
Ba8 Qxc4 34. Kc1 Qxg4 35. c3 Qc8 36. Kb2 Qxa8 37. c4 g5 38. Kc3 g4 39. c5 h5 40.
Kc4 h4 41. Kb5 g3 42. hxg3 hxg3 43. c6 g2 44. Kb6 g1=Q+ 45. Kc7 Qg7+ 0-1

[Event "AUTO-INT-1625"]
[Site "http://www.queenalice.com/game.php?id=738959"]
[Date "2010.2.28"]
[Round "1"]
[White "julio_falk"]
[Black "Tenista"]
[Result "0-1"]
[WhiteElo "1533"]
[BlackElo "1527"]

1. e4 e5 2. Nf3 Nf6 3. Bc4 Nc6 4. O-O Bc5 5. Ng5 O-O 6. Nc3 d6 7. Bb5 Nd4 8. a4
Nxb5 9. Nxb5 a6 10. Nc3 h6 11. Nf3 Bg4 12. Nd5 Nxe4 13. d3 Nf6 14. Nxf6+ Qxf6
15. h3 Bd7 16. g4 g5 17. h4 gxh4 18. c3 Bxg4 19. Kg2 Qg7 20. d4 exd4 21. cxd4
Bb6 22. Be3 c5 23. d5 Ba7 24. Qb3 Bd7+ 25. Kh2 Kh8 26. Rg1 Qf6 27. Nd2 h3 28.
Ne4 Qe5+ 29. Ng3 f5 30. Qc4 b5 31. axb5 Bxb5 32. Qf4 Rae8 33. Qxh6+ Kg8 34. Qxh3
Re7 35. f4 Qxe3 36. Rae1 Qd2+ 37. Qg2 Qxg2+ 38. Rxg2 Rxe1 0-1

[Event "AUTO-INT-1625"]
[Site "http://www.queenalice.com/game.php?id=738980"]
[Date "2010.2.28"]
[Round "1"]
[White "betosantos"]
[Black "julio_falk"]
[Result "1-0"]
[WhiteElo "1579"]
[BlackElo "1548"]

1. e4 e5 2. a3 Nf6 3. d3 h5 4. h3 Bc5 5. Nf3 O-O 6. Be3 Bxe3 7. fxe3 Nc6 8. Nc3
d6 9. Be2 a5 10. Qd2 Ra6 11. Qd1 Rb6 12. Rb1 g6 13. Kd2 d5 14. exd5 Nxd5 15. Na4
f6 16. Nxb6 Nxb6 17. e4 g5 18. Kc1 g4 19. hxg4 hxg4 20. Nh4 g3 21. Ng6 Rf7 22.
Rh8+ Kg7 23. Rxd8 Nxd8 24. Nh4 Na4 25. Qd2 Kf8 26. Qh6+ Ke7 27. Bh5 Rf8 28. Ng6+
1-0

[Event "AUTO-INT-1625"]
[Site "http://www.queenalice.com/game.php?id=738981"]
[Date "2010.2.28"]
[Round "1"]
[White "julio_falk"]
[Black "betosantos"]
[Result "0-1"]
[WhiteElo "1520"]
[BlackElo "1560"]

1. e4 e5 2. Nf3 d6 3. h3 a6 4. Bc4 h6 5. O-O Be6 6. Bxe6 fxe6 7. Nc3 Nc6 8. g3
Nf6 9. d3 Qd7 10. b3 Be7 11. h4 Na5 12. a3 Nxb3 13. Rb1 Nc5 14. Be3 g5 15. Bxc5
dxc5 16. Nxe5 Qd4 17. Rb3 Qxe5 18. Rxb7 Qxc3 19. Rxc7 Qxa3 20. hxg5 hxg5 21. Rc6
Kf7 22. Qd2 Ng4 23. f3 Ne5 24. f4 Nxc6 25. fxg5+ Ke8 26. g6 Kd7 27. Rf7 Rh3 28.
Kg2 Rah8 29. g7 Rh2+ 30. Kf3 Ne5+ 31. Ke3 Nxf7 32. Qxh2 Rg8 33. Qh5 Rxg7 34. c3
Qxc3 0-1

[Event "AUTO-INT-1455"]
[Site "http://www.queenalice.com/game.php?id=748324"]
[Date "2010.3.19"]
[Round "2"]
[White "dhiratsuka"]
[Black "julio_falk"]
[Result "1-0"]
[WhiteElo "1613"]
[BlackElo "1533"]

1. d4 d5 2. Nf3 Nc6 3. e3 Bf5 4. Bb5 a6 5. Bxc6+ bxc6 6. Ne5 f6 7. Nxc6 Qd6 8.
Na5 Qb4+ 9. Bd2 Qxb2 10. Nc3 Bxc2 11. Rb1 Bxb1 12. Nxb1 Qxa2 13. Nc6 f5 14. Nb4
Qb2 15. Nxd5 Rb8 16. Nxc7+ Kd7 17. Nxa6 Qxb1 18. Nc5+ Kc6 19. Ke2 e6 20. Qxb1
Rxb1 21. Rxb1 Bxc5 22. dxc5 Kxc5 23. Rc1+ Kd5 24. Bc3 Kc4 25. Bxg7+ Kd5 26. Bxh8
1-0

[Event "AUTO-INT-1455"]
[Site "http://www.queenalice.com/game.php?id=748325"]
[Date "2010.3.19"]
[Round "2"]
[White "julio_falk"]
[Black "dhiratsuka"]
[Result "1-0"]
[WhiteElo "1528"]
[BlackElo "1626"]

1. e4 d5 2. e5 e6 3. Nc3 Qe7 4. Nf3 Nc6 5. Bb5 Bd7 6. Bxc6 Bxc6 7. O-O f6 8.
exf6 Nxf6 9. d4 Ng4 10. h3 Nf6 11. Ng5 Ne4 12. Ncxe4 dxe4 13. a3 h6 14. Qh5+ Kd7
15. Nf7 Bb5 16. Qxb5+ Kc8 17. Nxh8 Qd7 18. Qe5 Qd5 19. Qxd5 exd5 20. Nf7 Kd7 21.
Bf4 g5 22. Be5 Be7 23. a4 h5 24. a5 b5 25. axb6 cxb6 26. b3 Rc8 27. g3 Rxc2 28.
Rxa7+ Ke6 29. Nh6 Bf6 30. Bxf6 Kxf6 31. g4 hxg4 32. hxg4 Rc3 33. b4 Rc4 34. Rf7+
Kg6 35. f3 e3 36. Re1 Rxd4 37. Rxe3 Rd1+ 38. Kf2 Rh1 39. Re6# 1-0

[Event "AUTO-INT-1455"]
[Site "http://www.queenalice.com/game.php?id=748328"]
[Date "2010.3.19"]
[Round "2"]
[White "julio_falk"]
[Black "marcelob2"]
[Result "0-1"]
[WhiteElo "1525"]
[BlackElo "1851"]

1. e4 c5 2. Nf3 Nc6 3. Bc4 d6 4. Ng5 e6 5. O-O Qxg5 6. f4 Qg6 7. Nc3 a6 8. a4
Be7 9. Qe1 Nf6 10. f5 exf5 11. exf5 Bxf5 12. d3 O-O 13. h4 Nh5 14. Bd5 Nd4 15.
Qxe7 Bh3 16. Rf2 Rae8 17. Qxb7 Re1+ 18. Rf1 Rxf1+ 19. Kxf1 Qf6+ 20. Ke1 Qxh4+
21. Kd2 Qf2+ 22. Ne2 Qxe2+ 23. Kc3 Qxc2# 0-1

[Event "AUTO-INT-1455"]
[Site "http://www.queenalice.com/game.php?id=748329"]
[Date "2010.3.19"]
[Round "2"]
[White "marcelob2"]
[Black "julio_falk"]
[Result "1-0"]
[WhiteElo "1860"]
[BlackElo "1535"]

1. e4 d5 2. exd5 Qxd5 3. Nf3 Nc6 4. Be2 Nf6 5. O-O Bf5 6. Nc3 Qd6 7. d4 h6 8.
Nb5 Qd5 9. Nxc7+ Kd8 10. Nxd5 Nxd5 11. c4 Ndb4 12. Ne1 Rc8 13. a3 Na6 14. b4 Rc7
15. b5 1-0

[Event "Jogo 1"]
[Site "http://www.queenalice.com/game.php?id=749340"]
[Date "2010.3.21"]
[Round "-"]
[White "julio_falk"]
[Black "antoniozla"]
[Result "0-1"]
[WhiteElo "1506"]
[BlackElo "1420"]

1. e4 e5 2. Nf3 Nc6 3. Bc4 Bc5 4. Bd5 Nf6 5. O-O Nd4 6. Ng5 Ne6 7. Bxe6 dxe6 8.
Nc3 h6 9. Nf3 Bd4 10. Nb5 a6 11. Na3 Nxe4 12. Re1 Bxf2+ 13. Kf1 Bxe1 14. Qxe1
Nd6 15. Nxe5 Qf6+ 16. Kg1 Bd7 17. d4 Bc6 18. c4 Qf5 19. c5 Nb5 20. h3 Nxd4 21.
b4 Nc2 22. Qc3 Nxa1 23. Qxa1 O-O-O 24. Be3 Qe4 25. Bf2 Qxg2# 0-1

[Event "Jogo 2"]
[Site "http://www.queenalice.com/game.php?id=753368"]
[Date "2010.3.29"]
[Round "-"]
[White "julio_falk"]
[Black "antoniozla"]
[Result "1-0"]
[WhiteElo "1532"]
[BlackElo "1566"]

1. e4 e5 2. Nf3 Nc6 3. Bc4 Bc5 4. O-O d6 5. h4 Nf6 6. Ng5 h6 7. Nxf7 Qd7 8. Nxh8
Qg4 9. Qxg4 Bxg4 10. Ng6 O-O-O 11. Nc3 Nd4 12. Ne7+ Kb8 13. Ncd5 c6 14. Nxf6
gxf6 15. f3 Nxc2+ 16. d4 Bxd4+ 17. Kh2 Nxa1 18. fxg4 Rf8 19. Ng6 Rg8 20. Bxg8
Nc2 21. Rxf6 Bc5 22. Bxh6 Ne3 23. Bxe3 Bxe3 24. Rxd6 Kc7 25. Rd3 Bd4 26. Rxd4
exd4 27. Nf4 c5 28. Bc4 a6 29. h5 b5 30. Bxb5 axb5 31. h6 c4 32. h7 1-0

[Event "Challenge"]
[Site "http://www.queenalice.com/game.php?id=755394"]
[Date "2010.4.2"]
[Round "-"]
[White "julio_falk"]
[Black "Martial"]
[Result "0-1"]
[WhiteElo "1549"]
[BlackElo "1550"]

1. e4 e5 2. Nf3 Nc6 3. Bc4 Nf6 4. Ng5 d5 5. exd5 Nb4 6. Bd3 Nfxd5 7. c3 Nxd3+ 8.
Ke2 Bf5 9. a4 Qxg5 10. Rg1 N5f4+ 11. Ke3 Nd5+ 12. Kf3 Bg4+ 13. Ke4 Nf6+ 14. Kxd3
Bxd1 15. Rxd1 O-O-O+ 16. Kc2 Qxg2 0-1

[Event "Challenge"]
[Site "http://www.queenalice.com/game.php?id=756141"]
[Date "2010.4.4"]
[Round "-"]
[White "PRINCIFOR"]
[Black "julio_falk"]
[Result "1-0"]
[WhiteElo "1100"]
[BlackElo "1522"]

1. d4 Nf6 2. c4 e6 3. a3 Be7 4. Nc3 O-O 5. e4 c6 6. e5 Ne8 7. c5 a5 8. f4 f6 9.
Nf3 h6 10. Be3 h5 11. Bc4 b6 12. O-O b5 13. Bd3 Nc7 14. Qc2 fxe5 15. fxe5 Nd5
16. Bd2 Bh4 17. Bg6 b4 18. Ne4 Ba6 19. Nd6 bxa3 20. bxa3 Bxf1 21. Rxf1 Nf4 22.
Bxf4 Rxf4 23. Bxh5 Na6 24. g3 Bxg3 25. hxg3 Rxd4 26. Bf7+ Kf8 27. Nxd4 Qg5 28.
Bxe6+ Ke7 29. Rf7+ Kd8 30. Rxd7# 1-0

[Event "QA-ANNIV-05"]
[Site "http://www.queenalice.com/game.php?id=758974"]
[Date "2010.4.10"]
[Round "4"]
[White "julio_falk"]
[Black "jck2"]
[Result "0-1"]
[WhiteElo "1522"]
[BlackElo "2202"]

1. e4 c6 2. Bc4 d5 3. exd5 cxd5 4. Bb3 Nc6 5. Nf3 Bf5 6. O-O Nf6 7. d3 e6 8. Bg5
Be7 9. Bxf6 Bxf6 10. Qc1 O-O 11. Re1 Re8 12. a4 a5 13. h3 Qb6 14. Re3 Nd4 15. c3
Nxb3 0-1

[Event "Vamos outra?"]
[Site "http://www.queenalice.com/game.php?id=761872"]
[Date "2010.4.16"]
[Round "-"]
[White "antoniozla"]
[Black "julio_falk"]
[Result "1-0"]
[WhiteElo "1559"]
[BlackElo "1522"]

1. e4 e5 2. Bc4 Nf6 3. d3 Bc5 4. Bg5 O-O 5. Nf3 h6 6. Bh4 Nc6 7. Nc3 Bb4 8. a3
Bxc3+ 9. bxc3 g5 10. Bg3 h5 11. h3 g4 12. Nh4 a5 13. Nf5 Kh7 14. hxg4 1-0